1447 1759 1090 1594 1546 1655 1925 1089 1735 1906 1734 1379 1922 1989 1067 1721 1978 1212 1624 1441 1915 1469 1542 1471 1725 1756 1187 1586 1868 1890 1951 1451 1088 1996 1469 1882 1533 1222 1909 1351 1070 1091 1241 1367 1253 1044 1866 1130 1158 1667 1562 1011 1900 1168 1928 1441 1626 1255 1210 1976 1879 1667 1515 1699 1922 1301 1915 1578 1546 1622 1266 1471 1596 1759 1349 1270 1755 1973 1733 1944 1037 1138 1558 1766 1463 1578 1450 1622 1776 1853 1115 1354 1059 1141 1998 1448 1330 1987 1303 BCNSPRNW ULIB Ver.6.0+V

เปลี่ยนเป็นภาษาไทย

Change to English
 แสดงรายละเอียดบรรณานุกรม
  กลับหน้าหลัก

Brief Record : Get Marc (ISO 2709) : E-mail record : QR code < ปิดหน้าต่าง
LEADER : 00000nam 2200000uu 4500
001    13399110384
003     ULIB
008    110429s2007||||th 000 0 eng d
020    1416032754
024    9781416032755
060 04 WY157.3^bL527i 2007
100 1  Leifer, Gloria
245 10 Introduction to maternity & pediatric nursing /^cGloriaLeifer
246 3  Introduction to maternity and pediatric nursing
250    5th ed.
260    St. Louis, Mo. :^bElsevier/Saunders,^c2007
300    xx, 818 p. :^bill. (chiefly col.) ;^c28 cm.
504    Includes bibliographical references and index
650  0 Maternity nursing
650  0 Pediatric nursing
650  2 Maternal-Child Nursing^xmethods
650  2 Pediatric Nursing^xmethods
945    ^p2500^l0^i030072
995     เกษร
999 ^a ใช้งานได้ทุกระบบ
รายการนี้ยังไม่มีแท็ก
คุณยังไม่ได้ล็อกอิน คุณสามารถมีกิจกรรมร่วมกับเว็บไซต์ได้ แต่ต้องล็อกอินก่อน ::
  ล็อกอิน

รายการสื่อสารสนเทศ

ลำดับที่ ประเภท เลขเรียก/บาร์โค้ด สถานที่ สถานะ
- ไม่พบข้อมูล -

รายการใกล้เคียง
    ผู้แต่ง [Leifer, Gloria]

    หัวเรื่อง [Maternity nursing]
    หัวเรื่อง [Pediatric nursing]

BibComment


ยังไม่เคยถูกคอมเมนท์

คอมเมนท์ทรัพยากรรายการนี้
  คอมเมนท์: Introduction to m..


 Copyright 2026. Bcnsprnw @Library